Ekonomická štatistika zbierka úloh pre špecializáciu ASR

Gespeichert in:
Bibliographische Detailangaben
1. Verfasser: Kovačka, Milan
Körperschaft: Vysoká škola ekonomická v Bratislave. Fakulta riadenia
Weitere Verfasser: Kostkov, A., Pavlová, Ľ.
Format: Buch
Sprache:Slowakisch
Veröffentlicht: Bratislava Vysoká škola ekonomická 1986
Tags: Tag hinzufügen
Keine Tags, Fügen Sie das erste Tag hinzu!

MARC

LEADER 00000nam a2200000 4500
001 c105126
005 20190107135101.4
041 0 |a slo 
044 |a SK 
245 1 0 |a Ekonomická štatistika  |b zbierka úloh pre špecializáciu ASR  |c Milan Kovačka, A. Kostkov, Ľ. Pavlová 
264 1 |a Bratislava  |b Vysoká škola ekonomická  |c 1986 
300 |a 133 s. 
100 1 |a Kovačka, Milan 
700 1 |a Kostkov, A. 
700 1 |a Pavlová, Ľ. 
710 2 |a Vysoká škola ekonomická v Bratislave. Fakulta riadenia